World handball championship winners - Statistics

General Stats
  • This quiz has been taken 1,725 times
  • The average score is 17 of 23
Answer Stats
Year Winner % Correct
1995 France
98%
2001 France
98%
2009 France
98%
2011 France
98%
2005 Spain
91%
2013 Spain
91%
2007 Germany
90%
1954 Sweden
89%
1958 Sweden
89%
1990 Sweden
89%
1999 Sweden
89%
1993 Russia
79%
1997 Russia
79%
2003 Croatia
73%
1986 Yugoslavia
63%
1961 Romania
52%
1964 Romania
52%
1970 Romania
52%
1974 Romania
52%
1982 SSSR
49%
1978 West Germany
43%
1967 Czechoslovakia
41%
1938 Third Reich
9%
No matching quizzes found
Score Distribution
Percent of People with Each Score
Percentile by Number Answered
Your Score History
You have not taken this quiz